| 000 | 01053nam a2200265 i 4500 | ||
|---|---|---|---|
| 001 | bg | ||
| 100 | 1 | _aCICHOCKI, Zdzisław | |
| 245 | 1 | 0 |
_aPrognozy skutków wpływu ustaleń miejscowych planów zagospodarowania przestrzennego na środowisko przyrodnicze : _bzasady sporządzania / _cZdzisław Cichocki ; Instytut Ochrony Środowiska. |
| 260 |
_aWarszawa : _bIOŚ, _c1997. |
||
| 300 |
_a38, [2] s. ; _c24 cm. |
||
| 504 | _aBibliogr. s. 34. | ||
| 650 | 9 |
_aPlanowanie przestrzenne _xzagadnienia _zPolska _yod 1989 r. |
|
| 650 | 9 |
_aŚrodowisko człowieka _xhigiena i ochrona _xplanowanie przestrzenne _zPolska _yod 1989 r. |
|
| 655 | _aPoradniki | ||
| 710 | 0 | _aInstytut Ochrony Środowiska (Warszawa) | |
| 015 | _aPB 15979/98 | ||
| 020 | _a8385805419 | ||
| 040 | _cBPK | ||
| 041 | 0 | _apol | |
| 080 | _a711.2:504](438)"1989/..." | ||
| 920 | _a83-85805-41-9 | ||
| 942 | _cKS | ||
| 008 | s pl f |000 0 pol | ||
| 999 |
_c51644 _d51644 |
||
| 856 |
_uhttp://koha.tu.koszalin.pl/cgi-bin/koha/opac-detail.pl?biblionumber=51644 _yKatalog online BPK |
||